Giải phẫu bệnh học : Dùng cho đào tạo bác sĩ đa khoa
Nội dung gồm 2 phần: - Phần thứ nhất giải phẫu bệnh đại cương - Phần thứ hai giải phẫu bệnh tạng và hệ thống
Salvato in:
| Autore principale: | |
|---|---|
| Altri autori: | , |
| Natura: | Libro |
| Lingua: | Vietnamese |
| Pubblicazione: |
H.
Giáo dục Việt Nam
2011
|
| Edizione: | Tái bản thứ 2 |
| Soggetti: | |
| Tags: |
Aggiungi Tag
Nessun Tag, puoi essere il primo ad aggiungerne! !
|
| Thư viện lưu trữ: | Thư viện Trường Đại học Nam Cần Thơ |
|---|
| LEADER | 01355nam a22002657a 4500 | ||
|---|---|---|---|
| 001 | NCT_35114 | ||
| 008 | 180512b xxu||||| |||| 00| 0 vie d | ||
| 999 | |c 1693 |d 1693 | ||
| 020 | |c 140000 | ||
| 082 | 0 | 4 | |2 23rd ed. |a 616.07 |b H107 |
| 100 | 1 | |a Trần Phương Hạnh |e Chủ biên | |
| 245 | 1 | 0 | |a Giải phẫu bệnh học |b : Dùng cho đào tạo bác sĩ đa khoa |c Trần Phương Hạnh, Nguyễn Sào Trung |
| 250 | |a Tái bản thứ 2 | ||
| 260 | |a H. |b Giáo dục Việt Nam |c 2011 | ||
| 300 | |a 567 tr. |b Minh họa |c 27cm | ||
| 500 | |a ĐTTS ghi: Bộ Y tế | ||
| 520 | 3 | |a Nội dung gồm 2 phần: - Phần thứ nhất giải phẫu bệnh đại cương - Phần thứ hai giải phẫu bệnh tạng và hệ thống | |
| 653 | |a Dược học | ||
| 653 | |a Y đa khoa | ||
| 700 | 1 | |a Nguyễn Sào Trung |e Chủ biên | |
| 700 | 1 | |a Âu Nguyệt Diệu |e Biên soạn | |
| 942 | |2 ddc |c BK | ||
| 952 | |0 0 |1 0 |2 ddc |4 0 |6 616_070000000000000_H107 |7 0 |9 8105 |a 000001 |b 000001 |d 2018-05-12 |o 616.07 H107 |p MD.04948 |r 2018-05-12 |v 140000.00 |w 2018-05-12 |y BK | ||
| 952 | |0 0 |1 0 |2 ddc |4 0 |6 616_070000000000000_H107 |7 0 |9 8106 |a 000001 |b 000001 |d 2018-05-12 |l 5 |o 616.07 H107 |p MD.04949 |r 2020-11-11 |s 2020-11-02 |v 140000.00 |w 2018-05-12 |y BK | ||
| 980 | |a Thư viện Trường Đại học Nam Cần Thơ | ||